| 000 | 00538nam a2200169 a 4500 | ||
|---|---|---|---|
| 001 | 000034766 | ||
| 005 | 20200930073905.0 | ||
| 008 | 111019s1965 fr 000 0 spa d | ||
| 040 |
_aDO-SdBNP _bfre _cBNPHU |
||
| 082 |
_axxxx _bP434 |
||
| 100 | 1 |
_aPerec, Georges, _d1936-1982. _960248 |
|
| 245 | 1 | 0 |
_aLes choses : _bune histoire des années soixante. / _cGeorges Perec. |
| 260 |
_aParis : _bJ´ai Lu, _c1965. |
||
| 300 |
_a185 p. ; _c17 cm. |
||
| 590 | _aPerteneció a la biblioteca personal de Juan Isidro Jimenes Grullón | ||
| 049 | _aBNGR | ||
| 999 |
_c34257 _d34257 |
||